How Japan's economy grew so fast : The sources of postwar expansion

Contents: The authors of this book analyzed and measured the sources of economic growth in postwar Japan in the period from 1953 to 1971 and compared the results with those for ten Western countries

Zapisane w:
Opis bibliograficzny
1. autor: Denison, Edward Fulton
Format: Książka
Język:Undetermined
Wydane: Washington Brookings Institution 1976
Hasła przedmiotowe:
Etykiety: Dodaj etykietę
Nie ma etykietki, Dołącz pierwszą etykiete!
Thư viện lưu trữ: Trung tâm Học liệu Trường Đại học Cần Thơ
LEADER 00913nam a2200229Ia 4500
001 CTU_221892
008 210402s9999 xx 000 0 und d
082 |a 330.95204 
082 |b D396 
100 |a Denison, Edward Fulton 
245 0 |a How Japan's economy grew so fast : 
245 4 |b The sources of postwar expansion 
245 0 |c Edward F. Denison and William K. Chung 
260 |a Washington 
260 |b Brookings Institution 
260 |c 1976 
520 |a Contents: The authors of this book analyzed and measured the sources of economic growth in postwar Japan in the period from 1953 to 1971 and compared the results with those for ten Western countries 
650 |a Japan,Nhật Bản 
650 |x Economic conditions,Điều kiện kinh tế 
650 |y 1945-1989,1945-1989 
904 |i Tô Chánh Trung, Tuyến 
980 |a Trung tâm Học liệu Trường Đại học Cần Thơ